00550nam a2200169 a 450000100100000000500170001000800410002704000250006808200150009310000230010824500430013126000300017430000210020453400250022595201130025099900170036300003622520200930074955.0120111s19uu mx 000 0 spa d aDO-SdBNPbspacBNPHU axxxxbY95i1 aYutang, Lin94812713aLa importancia de vivir /cLin Yutang. aMexico :bDiana,c[19uu]? a597 p. ;c19 cm. tImportance of living 001050718MOaGRbGRcCTd2012-01-11iLF1l0oxxxx Y95ip36225-10r2020-06-25w2020-06-25y1ZNo se presta c35716d35716